000 00901nam a2200241 a 4500
001 000023289
005 20250710122910.0
008 101201s1985 mx 000 0 spa d
020 _z9684093342
040 _aDO-SdBNP
_bspa
_cBNPHU
041 1 7 _aspa
_heng
_2Código de idioma MARC.
082 _a340.112
_bN224L
100 1 _aNardin, Terry
_947957
240 1 0 _aLaw, morality and the relations of states.
_lEspañol.
245 1 3 _aLa ley y la moral en las relaciones entre Estados /
_cTerry Nardin ; traducción de Aurora Merino del Villar.
260 _aMéxico :
_bEDAMEX,
_c1985.
300 _a302 p. ;
_c20 cm.
504 _aIncluye referencias bibliográficas y notas al pie de las páginas.
534 _pTítulo de la obra en inglés:
_tLaw, morality and the relations of states
650 0 _aDerecho y ética
_99512
700 1 _aMerino del Villar, Aurora,
_etr.
_947958
049 _aBNGR
999 _c22786
_d22786